000 00572nam a2200193Ia 4500
003 OSt
005 20250603115728.0
008 210210b1991 xxu||||| |||| 00| 0 eng d
040 _cAL
041 _aKannada
082 _aK894.9 SALP
100 _aSALIGRAMA KRASHNA RAMACHANDRARAV
_9212550
_d ರಾಮಚಂದ್ರರಾವ್ (ಸಾ ಕೃ)
245 _aPratibheyendarenu?
_bಪ್ರತಿಭೆಯೆಂದರೇನು?
260 _aSuratkal
_bVi Si Sampada
_c1991
300 _a39
690 _aKannada Criticism
_9212551
906 _a045373
942 _2ddc
_cBK
999 _c95032
_d95032